| 000 -LEADER |
| fixed length control field |
01370pab a2200181 454500 |
| 008 - FIXED-LENGTH DATA ELEMENTS--GENERAL INFORMATION |
| fixed length control field |
180718b2000 xxu||||| |||| 00| 0 eng d |
| 100 ## - MAIN ENTRY--PERSONAL NAME |
| Personal name |
Rode, Catrin |
| 245 ## - TITLE STATEMENT |
| Title |
Risk-sensitive decision making examined within an evolutionary framework |
| 260 ## - PUBLICATION, DISTRIBUTION, ETC. |
| Date of publication, distribution, etc. |
2000 |
| 300 ## - PHYSICAL DESCRIPTION |
| Extent |
p.926-39 |
| 362 ## - DATES OF PUBLICATION AND/OR SEQUENTIAL DESIGNATION |
| Dates of publication and/or sequential designation |
Mar |
| 520 ## - SUMMARY, ETC. |
| Summary, etc. |
Two examples of human decision-making biases are reexamined from an evolutionary perspective. The framing effect and ambiguity avoidance effect both violate core assumptions of normative models of rational decision making. These violations were often used to showcase that the human mind is predisposed against optimal decision making. The authors argue that the human mind is fine-tuned to solve complex decision tasks that had been recurrent in hominid evolution. By studying the biases within the framework of risk-sensitivity theory, they demonstrate that humans take into account the mean outcome of an option, the variability of the outcome, and their current goal to arrive at a decision that is most likely to guarantee survival. Thus, an evolutionary approach helps us reveal important features of human choice behavior and provides insights into the nature of human decision rationality. - Reproduced |
| 650 ## - SUBJECT ADDED ENTRY--TOPICAL TERM |
| Topical term or geographic name entry element |
Psychology |
| 650 ## - SUBJECT ADDED ENTRY--TOPICAL TERM |
| Topical term or geographic name entry element |
Decision making |
| 700 ## - ADDED ENTRY--PERSONAL NAME |
| Personal name |
Wang, Xt |
| 773 ## - HOST ITEM ENTRY |
| Main entry heading |
American Behavioral Scientist |
| 909 ## - |
| -- |
44549 |